000 00252nam a2200085Ia 4500
245 0 _aMetal : from safety pins to statues
100 _a Stevens, Beth Dvergsten Logan, Iowa, 2004
_970158
942 _cBK
008 210817s9999 xx 000 0 und d
999 _c274551
_d274551